Test de Rapidité - Lettre "M" - Statistiques

Statistiques générales
  • Ce quiz a été pris 1 112 fois
  • Le résultat moyen est 92 sur 100
Statistiques - réponses
Lettre "M" % Correct
M
100%
M
100%
M
99%
M
99%
M
99%
M
99%
M
99%
M
98%
M
98%
M
98%
M
98%
M
98%
M
98%
M
98%
M
97%
M
97%
M
97%
M
97%
M
96%
M
96%
M
96%
M
96%
M
96%
M
96%
M
96%
M
96%
M
96%
M
96%
M
96%
M
96%
M
96%
M
96%
M
96%
M
96%
M
96%
M
96%
M
96%
M
96%
M
96%
M
95%
M
95%
M
95%
M
95%
M
95%
M
95%
M
95%
M
95%
M
95%
M
95%
M
95%
M
95%
M
95%
M
95%
M
95%
M
95%
M
95%
M
94%
M
94%
M
94%
M
94%
M
94%
M
94%
M
94%
M
94%
M
94%
M
94%
M
94%
M
93%
M
93%
M
93%
M
93%
M
92%
M
92%
M
92%
M
91%
M
91%
M
91%
M
90%
M
90%
M
89%
M
89%
M
88%
M
87%
M
87%
M
86%
M
85%
M
84%
M
82%
M
81%
M
79%
M
79%
M
78%
M
76%
M
75%
M
75%
M
74%
M
73%
M
71%
M
70%
M
69%
Aucun quiz correspondant
Distribution des résultats
% des personnes avec chaque résultat
Percentile par nombre de réponses
Votre historique - résultats
Vous n’avez pas pris ce quiz